Movies Quiz

Random Movies Quiz

Nightmare Survivors Quiz Stats

 Plays Quiz not verified by Sporcle

Score 0/19 Timer 12:00
0 Plays Today
Movie Survivor % Correct
New NightmareHeather Langenkamp
98.5%
A Nightmare on Elm StreetNancy Thompson
98.1%
A Nightmare on Elm Street (2010)Nancy Holbrook
98.1%
ANOES 4: The Dream MasterAlice Johnson
81.1%
ANOES 5: The Dream ChildAlice Johnson
81.1%
ANOES 3: Dream WarriorsKristen Parker
75.5%
ANOES 3: Dream WarriorsJoey Peterson
74.8%
ANOES 3: Dream WarriorsRoland Kincaid
72.9%
ANOES 2: Freddy's RevengeJesse Walsh
65.2%
ANOES 4: The Dream MasterDan Jordan
65.2%
Movie Survivor % Correct
ANOES 2: Freddy's RevengeLisa Webber
54%
ANOES 5: The Dream ChildJacob Johnson
44.3%
Freddy's DeadMaggie Burroughs
42.8%
New NightmareDylan Porter
41.7%
Freddy vs JasonLori Campbell
41.5%
ANOES 3: Dream WarriorsDr. Neil Gordon
38.3%
Freddy vs JasonWill Rollins
37.6%
A Nightmare on Elm Street (2010)Quentin Smith
34%
Freddy's DeadTracy
32.5%

You're not logged in!

Compare scores with friends on all Sporcle quizzes.
OR
Log In

Show Comments

Extras

Created Oct 20, 2010ReportNominate
Tags:elm, nightmare, street, survivor

Top Quizzes Today


Score Distribution

Your Account Isn't Verified!

In order to create a playlist on Sporcle, you need to verify the email address you used during registration. Go to your Sporcle Settings to finish the process.

Report this User

Report this user for behavior that violates our Community Guidelines.

Details: